000 00261nam a2200109Ia 4500
008 190912s9999||||xx |||||||||||||| ||und||
100 _aGhazi Salahuddin
245 0 _aMeray Derya Meray Sahil
260 _aLahore
_bSang-e-Meel
_c2002
300 _a288
942 _cBK
999 _c7602
_d7602